000 00408nam a22001697a 4500
003 koha_MIRAKIL
005 20231213065231.0
008 231213b |||||||| |||| 00| 0 ||| d
040 _aTR-IsEVY
_btur
_cTR-IsEVY
082 _a750 ERH/H
100 _aERHAN, KEMAL.
245 0 _aHOCA ALİ RIZA.
260 _bTR. İŞ BANKASI YAYINLARI,
300 _a[ ] p.
650 _aResim Sanatı.
942 _2ddc
_cBK
999 _c170
_d170